Missing Word: Best Motion Picture (Drama) Quiz Stats

 Plays Quiz Updated Jul 15, 2014

Support Sporcle.
Go Orange.
Score 0/24 Timer 03:00
0 Plays Today
Hint Missing Word % Correct
_____ GumpForrest
96.4%
_____ Private RyanSaving
96.1%
Around the _____ in Eighty DaysWorld
95.4%
Born on the _____ of JulyFourth
94%
Dances with _____Wolves
91.7%
A _____ MindBeautiful
91.1%
_____ and SensibilitySense
90.9%
_____'s ListSchindler
90.2%
One Flew Over the _____'s NestCuckoo
90%
Terms of _____Endearment
88.1%
_____ of ArabiaLawrence
86.5%
_____ BeautyAmerican
84.4%
Hint Missing Word % Correct
The _____ PatientEnglish
82.5%
_____ MillionaireSlumdog
81.6%
East of _____Eden
80.8%
_____ of a WomanScent
77.4%
The _____ NetworkSocial
76.8%
The _____ ConnectionFrench
76.6%
Out of _____Africa
75.6%
_____ MountainBrokeback
74.8%
Doctor _____Zhivago
63.7%
_____ ManRain
43.4%
The Last _____Emperor
34.7%
Midnight _____Express
30.2%

Today's Daily Dose

Missing Word
1961 Movies A-Z

Word Ladder
Study Light

Get the Picture
Bread and Butter

You're not logged in!

Compare scores with friends on all Sporcle quizzes.
OR
Log In

From the Vault

Is That a Mountain or Lake?

by JohnFran

Hint: If it's tall and rocky, it's probably not a lake.
Remove Ads.
Support Sporcle.
Get the best of Sporcle when you Go Orange. This ad-free experience offers more features, more stats, and more fun while also helping to support Sporcle. Thank you for becoming a member.

Show Comments

Extras

Top Quizzes Today


Score Distribution

Your Account Isn't Verified!

In order to create a playlist on Sporcle, you need to verify the email address you used during registration. Go to your Sporcle Settings to finish the process.

Report this User

Report this user for behavior that violates our Community Guidelines.

Details: